Online Catalogue and eLibrary

Tamilil sirukathaikal : (Record no. 4173)

MARC details
000 -LEADER
fixed length control field 00427nam a2200169Ia 4500
005 - DATE AND TIME OF LATEST TRANSACTION
control field 20250405131001.0
008 - FIXED-LENGTH DATA ELEMENTS--GENERAL INFORMATION
fixed length control field 240331s9999 xx 000 0 und d
082 ## - DDC Classification
Item Number - Author Mark SUN
Class No. 894
100 ## - MAIN ENTRY--PERSONAL NAME
Personal name Sundararajan, P.G
245 #0 - TITLE STATEMENT
Title Tamilil sirukathaikal :
Remainder of title varalarum valarchiyum
260 ## - PUBLICATION, DISTRIBUTION, ETC.
Place of publication, distribution, etc. Madras
Name of publisher, distributor, etc. Cre-A
Date of publication, distribution, etc. 1989
300 ## - PHYSICAL DESCRIPTION
Extent (e.g. Volumes, Pages etc.) 368 p .,
500 ## - GENERAL NOTE
General note
650 ## - SUBJECT ADDED ENTRY--TOPICAL TERM
Topical term or geographic name entry element Short Stories Vilakam
650 ## - SUBJECT ADDED ENTRY--TOPICAL TERM
Topical term or geographic name entry element Sirukadhai history
942 ## - Koha item type (Biblio)
Koha item type Books in Stacks (Lending)
Holdings
Lost status Damaged status Collection code Home library Current library Shelving location Date acquired Full call number Accession Number Item type
    Lending WERC Library WERC Library Social Science Cupboard 03/31/2024 894.811 SUN 826 Books in Stacks (Lending)

© WERC Library